Dynamics ; (Record no. 167822)

MARC details
000 -LEADER
fixed length control field 00800nam a22002537a 4500
005 - DATE AND TIME OF LATEST TRANSACTION
control field 20190919162918.0
010 ## - LCCN (DPL NO)
LC control number ENG-126505
020 ## - INTERNATIONAL STANDARD BOOK NUMBER
Terms of availability 925.00
International Standard Book Number 9789353166656
035 ## - SYSTEM CONTROL NUMBER
System control number EN-110037
037 ## - SOURCE OF ACQUISITION
Source of stock number/acquisition DBAD/PUB
082 ## - DEWEY DECIMAL CLASSIFICATION NUMBER
Classification number 620.105
100 ## - MAIN ENTRY--PERSONAL NAME
Personal name Beer, Ferdinand P
245 ## - TITLE STATEMENT
Title Dynamics ;
Statement of responsibility, etc By Ferdinand P.Beer...[et.,all]
Remainder of title Vector Mechanics For Engineers /
260 ## - PUBLICATION, DISTRIBUTION, ETC. (IMPRINT)
Place of publication, distribution, etc Chennai
Name of publisher, distributor, etc McGraw Hill Education
Date of publication, distribution, etc 2019
270 ## - ADDRESS
City Chennai
Address 444/1,Sri Ekambara Naicker Industrial Estate,Alapakkam,Porur
Postal code 600116
300 ## - PHYSICAL DESCRIPTION
Extent Variousp.
Dimensions 24cm(pbk)
Other physical details ill
500 ## - GENERAL NOTE
General note includes Index
700 ## - ADDED ENTRY--PERSONAL NAME
Personal name Beer Ferdinand P.
700 ## - ADDED ENTRY--PERSONAL NAME
Personal name Johnston ECornwell
700 ## - ADDED ENTRY--PERSONAL NAME
Personal name Phillip . Russell
700 ## - ADDED ENTRY--PERSONAL NAME
Personal name Self Brian P
700 ## - ADDED ENTRY--PERSONAL NAME
Personal name .Sanghi Sanjeev
942 ## - ADDED ENTRY ELEMENTS (KOHA)
Source of classification or shelving scheme Dewey Decimal Classification
Item type English Books
Classification part 620.105
Call number suffix BEE
Holdings
Withdrawn status Lost status Not for loan Collection code Home library Current library Date acquired Source of acquisition Cost, normal purchase price Full call number Barcode Copy number Cost, replacement price Koha item type
      Non-fiction Shahdara Branch Shahdara Branch 19/09/2019 DBAD/PUB 925.00 620.105 BEE EN-110037 1 925.00 English Books

© Delhi Public Library
Hit Counter
free hit counter